000 00534nam a2200193Ia 4500
005 20250508152658.0
008 008 250505s9999 xx 000 0 eng d
037 _aTextual
040 _aFEDL
_beng
_cFEDL
041 _aeng
_2eng
084 _a330.4, UPA
_qFEDL
100 _aUpadhaya Rupnarayan
_9762126
245 0 _aArthik aur vayaparik nibandh
260 _aCalcutta, India
_bAadarsh Pustak Bhandar
_c1900
300 _a456p.
650 _aEconomics
942 _cTEXL
_h330.4, UPA
999 _c1338002
_d1338002